Ecology of birds : (Record no. 1567)
[ view plain ]
| 000 -LEADER | |
|---|---|
| fixed length control field | 00894nam a2200265 4500 |
| 001 - CONTROL NUMBER | |
| control field | 2003931 |
| 005 - DATE AND TIME OF LATEST TRANSACTION | |
| control field | 20141201164446.0 |
| 008 - FIXED-LENGTH DATA ELEMENTS--GENERAL INFORMATION | |
| fixed length control field | 000 |
| 010 ## - LIBRARY OF CONGRESS CONTROL NUMBER | |
| LC control number | 90150419 |
| 020 ## - INTERNATIONAL STANDARD BOOK NUMBER | |
| International Standard Book Number | 0949324191 : |
| Terms of availability | $38.47 |
| 040 ## - CATALOGING SOURCE | |
| Original cataloging agency | UOEL |
| Transcribing agency | DLC |
| 043 ## - GEOGRAPHIC AREA CODE | |
| Geographic area code | u-at--- |
| 050 00 - LIBRARY OF CONGRESS CALL NUMBER | |
| Classification number | QL693 |
| Item number | .F6 1989 |
| 082 00 - DEWEY DECIMAL CLASSIFICATION NUMBER | |
| Classification number | 598.25/0994 |
| Edition number | 20 |
| 100 1# - MAIN ENTRY--PERSONAL NAME | |
| Personal name | Ford, H. A. (Hugh A.) |
| 245 10 - TITLE STATEMENT | |
| Title | Ecology of birds : |
| Remainder of title | an Australian perspective / |
| Statement of responsibility, etc | by Hugh A. Ford. |
| 260 ## - PUBLICATION, DISTRIBUTION, ETC. (IMPRINT) | |
| Place of publication, distribution, etc | Chipping Norton, NSW : |
| Name of publisher, distributor, etc | S. Beatty, |
| Date of publication, distribution, etc | 1989. |
| 300 ## - PHYSICAL DESCRIPTION | |
| Extent | xvi, 288 p., [9] p. of plates : |
| Other physical details | ill. (some col.) ; |
| Dimensions | 23 cm. |
| 440 #0 - SERIES STATEMENT/ADDED ENTRY--TITLE | |
| Title | Australian ecology series |
| 504 ## - BIBLIOGRAPHY, ETC. NOTE | |
| Bibliography, etc | Includes bibliographical references (p. 243-268) and index. |
| 650 #0 - SUBJECT ADDED ENTRY--TOPICAL TERM | |
| Topical term or geographic name as entry element | Birds |
| General subdivision | Zoology |
| Geographic subdivision | Australia. |
| 906 ## - LOCAL DATA ELEMENT F, LDF (RLIN) | |
| a | 7 |
| b | cbc |
| c | orignew |
| d | 3 |
| e | ncip |
| f | 19 |
| g | y-gencatlg |
| 942 ## - ADDED ENTRY ELEMENTS (KOHA) | |
| Source of classification or shelving scheme | Library of Congress Classification |
| Item type | Loan - Normal on open shelf |
| Withdrawn status | Lost status | Source of classification or shelving scheme | Damaged status | Not for loan | Home library | Current library | Shelving location | Date acquired | Total Checkouts | Full call number | Barcode | Date last seen | Copy number | Price effective from | Koha item type |
|---|---|---|---|---|---|---|---|---|---|---|---|---|---|---|---|
| Library of Congress Classification | UOE Main Library | UOE Main Library | Open shelf | 01/12/2014 | QL693 .F6 1989 | 10044801 | 27/04/2026 | 10044801 | 01/12/2014 | Loan - Normal on open shelf |
